LEADER 01239nam--2200337---450- 001 990002945230203316 005 20070615112158.0 010 $a92-95008-96-0 035 $a000294523 035 $aUSA01000294523 035 $a(ALEPH)000294523USA01 035 $a000294523 100 $a20070615d2006----km-y0itay0103----ba 101 $afre 102 $aLU 105 $a||||||||001yy 200 1 $aImpact des attentats à la bombe du 7 juillet 2005 à Londres sur les communautés musulmanes dans l?UE$fObservatoire européen des phénomènes racistes et xénophobes 210 $aLussemburgo$cOffice des publications officielles des Communautés européennes$d2006 215 $a66 p.$d30 cm 606 0 $aTerrorismo$yPaesi islamici 676 $a303.6250917671 699 $a01.02$bTerrorismo 710 02$aOSSERVATORIO EUROPEO DEI FENOMENI DI RAZZISMO E XENOFOBIA$0596577 801 0$aIT$bsalbc$gISBD 912 $a990002945230203316 951 $aCDE 01.02 (XV)$bCDE 197318$cCDE 01.02$d00149091 959 $aBK 969 $aCDE 979 $aMARIAS$b90$c20070615$lUSA01$h1121 996 $aImpact des attentats à la bombe du 7 juillet 2005 à Londres sur les communautés musulmanes dans l?UE$91030562 997 $aUNISA